000 00703cam a2200229 4500
001 ##L132627
008 060223n2006 000 0 eng u
022 1 _a0260-6216
035 _a(Sirsi) u132627
041 0 _aeng
050 0 4 _a692.5 $2 18
110 2 _aBuilding Cost Information Service
_91096
245 0 0 _aBCIS quarterly review of building prices
_bissue 100-103 (Jan - Oct 2006)
260 _aLondon
_bBCIS
_c2006
300 _a39p
_c30cm.
350 _a150
650 2 4 _aBUILT ENVIRONMENT-BUILDING COSTS
650 2 4 _aQUARTERLY REVIEW OF BUILDING PRICES
650 2 4 _aBUILT ENVIRONMENT-BUILDING COSTS-REINSTATEMENT COSTS
690 _aBUILT ENVIRONMENT-BUILDING COSTS
942 _n0
999 _c105198
_d105198